000 00759nam a2200253Ia 4500
003 OSt
005 20220918220734.0
006 a|||||r|||| 00| 0
007 ta
008 220917b |||||||| |||| 00| 0 eng d
024 _a146,919
037 _cTextual
040 _aARTS
_cARTS
_beng
041 _2eng
_aeng
082 _aY1:351.2, K4(MILSC)
100 _aSen Gupta Sankar
_9138192
245 0 _aStudies in Indian folk culture
_b Folk Songs folk arts and folk literature
260 _aNA
_bNA
_c1964
490 _aIndian publications folklore series; 3
650 _aSOCIOLOGY
700 _a Upadhyaya K D
_9138193
942 _hY1:351.2, K4(MILSC)
_cTEXL
_2CC
999 _c269674
_d269674